00840nam a2200217 i 4500001000700000003000900007005001700016007000300033008004100036080001200077100003600089245013000125260005400255300002200309490004400331650002200375830005200397852003200449999001900481952012200500146286ES-MaACL20230906201459.0t|070906s1967 sp ||||1| spa d a248.1431 aIraburu, José María.96539813aLa oración pública de la Iglesia b: inserción del oficio divino en la plegaria personal... / cJosé María Iraburu. aMadrid : bPropaganda Popular Católica, c1967. a110 p. ; c19 cm.1 aColección de Pastoral Aplicada ; v4414aOración.9157290 aColección de Pastoral Aplicada ; v449187240 aES-MaACLjC-33646 bR.64605 c146286d146286 00104070aATENEOMbATENEOMcDEPO2d2008-01-17eSCl0oC-33646p1152686r2023-02-23 00:00:00w2023-02-23yMONOGRAFIA